Využití Sport testeru ve sportovní praxi

Bibliographic Details
Main Authors: Soulek, V. (Author), Vondruška, V. (Author)
Format: Article
Language:Czech
PhysicalDescription:Grafy 23. Tb. 3. Obr. 15., lit. 11 zázn. v češ.
Subjects:

MARC

LEADER 00000nab a2200000 a 4500
001 vtls000324421
003 SK-MaSNL
005 20260305035311.0
008 220422c1988 xo 0 cze
015 |a SNBRB19rr/mm-uuuuu 
035 |a CL0324543 
040 |a SNKBUCL  |b slo  |c SNKBUCL  |e AACR2 
041 0 |a cze 
044 |a xo  |c SK 
080 |a 796.015:615.47  |2 1981 
080 |a 615.47  |2 1981 
100 1 |a Soulek, V.  |4 aut  |9 1617761 
245 1 0 |a Využití Sport testeru ve sportovní praxi  |c V. Soulek, V. Vondruška 
300 |b Grafy 23. Tb. 3. Obr. 15., lit. 11 zázn. v češ. 
650 0 7 |a športový tréning  |2 snkbucl  |9 163263 
655 7 |a články z novín a časopisov  |2 snkbucl  |9 267496 
700 1 |a Vondruška, V.  |4 aut  |9 798792 
773 0 |t Tréner  |g Roč. 32, č. 5 (1988) 
850 |a Slovenská národná knižnica v Martine  |a MTA001 
852 |a SNK  |b KIS3GCP 
958 |a RK 
958 |a ME 
958 |a CZ 
992 |a RBX 
999 |c 3333162  |d 3335092